000 00929nas a2200301 4500
001 BR9701356
003 BR-BrBNA
005 20231205100029.0
007 ta
008 230509b bl.|||p| |||| 00| 00por d
040 _aBR-BrBNA
_bpor
_cBiblioteca Nacional de Agricultura
041 _a(Pt)
072 _aL73
100 1 _aSanavria, A.
100 1 _aMuniz, R.A.
100 1 _aGoncalves, L.C.B.
100 1 _aRew, R.S.
100 1 _aSilva, D.S.F.
245 1 _aEficacia profilatica de doramectin contra infestacoes naturais por Cochliomyia hominivorax (Coquerel, 1858)em bovinos apos castracao
650 _aBovino
650 _aMiiase
650 _aCastracao
650 _aMedicamento
650 _aInfestacao
773 0 _tRevista Brasileira de Parasitologia Veterinaria (Brazil)
_xISSN 0103-846X
_g(Feb 1996), v. 5(1) p. 7-10
_wBR9701356
909 _a202311
_bLúcia
_c55
_dLúcia Elande
942 _2AGRIS
_n0
_cANA
999 _c154008
_d154008